Viure el primer exili : cartes britàniques de Pere Bosch i Gimpera : 1939 - 1940 cartes britàniques de Pere Bosch i Gimpera :
Descripción Física:
80 p. ; 29'5 cm
Colección:
Quaderns de l'Arxiu Pi i Sunyer ; 2
MARC
| LEADER | 00000nam a2200000Ia 4500 | ||
|---|---|---|---|
| 001 | 12065 | ||
| 008 | 160829s1998 xx 000 0 cat d | ||
| 080 | |a H-2-76 | ||
| 100 | 1 | |a Bosch Gimpera, P. |q (Pere), |d 1891-1974 |9 35533 | |
| 245 | |a Viure el primer exili : |b cartes britàniques de Pere Bosch i Gimpera : |b 1939 - 1940 | ||
| 260 | |a Barcelona : |b Fundació Carles Pi i Sunyer d'Estudis Autonòmics i Locals, |c 1998 | ||
| 300 | |a 80 p. ; |c 29'5 cm | ||
| 490 | |a Quaderns de l'Arxiu Pi i Sunyer ; 2 | ||
| 590 | |a Abans del títol: Sèrie les ruptures de l'any 1939 | ||
| 650 | |a Bosch Gimpera, Pere |x Epistolaris |x 1939/1940 |9 37639 | ||
| 710 | 1 | |a Fundació Carles Pi i Sunyer d'Estudis Autonòmics i Locals |9 52753 | |
| 901 | |a Arxiu | ||
| 942 | |n 1 | ||
| 952 | |0 0 |1 0 |4 0 |6 H276 |7 1 |9 42839 |a Arxiu |b Arxiu |d 2016-12-01 |l 0 |o H-2-76 |p 12065 |r 2016-12-01 00:00:00 |w 2016-12-01 |y ARXIU | ||
| 999 | |c 45345 |d 45345 | ||